000 00306nam a22001337a 4500
008 181205b xxu||||| |||| 00| 0 eng d
020 _a9780673380029
041 _aeng
080 _22 TH
_a159.9
100 _a49
101 _aPSI
245 _aPsychology An Introduction
_cGerow.j r
942 _2udc
_cBK
999 _c52908
_d52908